000 01823nam a2200541 i 4500
001 33871
003 KOSZ 005
005 20240405063101.0
008 980609s1998 pl a |000 0 pol
015 _aUWD 1998/7044
020 _a8301124865
035 _a991003656329705066
035 _a(PL-WaBN)b1097801x-48omnis_nlop
035 _ab1097801x
035 _a(OCoLC)749576131
035 _azz2004969816
035 _a(PL)b0000001097801
035 _a(EXLNZ-48OMNIS_NETWORK)9910340319005606
040 _aWA N
_cWA N
_dKOSZ 005/HR
046 _k1998
080 _a338.43(-22)](438)"1989/..."
080 _a338.242(-22)](438)"1989/..."
080 _a338.49(-22)](438)"1989/..."
100 1 _aDuczkowska-Małysz, Katarzyna
_d(1947- )
_eAutor
245 1 0 _aRolnictwo - wieś - państwo :
_bwokół interwencji państwa w sferę wsi i rolnictwa /
_cKatarzyna Duczkowska-Małysz.
260 _aWarszawa :
_bWydaw. Naukowe PWN,
_c1998.
300 _a217, [1] s. :
_b2 mapy, wykr. ;
_c24 cm.
336 _aTekst
_btxt
_2rdacontent
337 _aBez urządzenia pośredniczącego
_bn
_2rdamedia
338 _aWolumin
_bnc
_2rdacarrier
380 _aKsiążki
388 _a1901-2000
388 _a1989-2000
504 _aBibliogr. s. 214-217.
648 7 _a1901-2000
648 7 _a1989-2000
650 7 _aInterwencjonizm
_2DBN
650 7 _aRolnictwo
_2DBN
650 7 _aWsie
_2DBN
650 7 _aPolityka gospodarcza
651 _aPolska
658 _aRolnictwo i leśnictwo
658 _aGospodarka, ekonomia, finanse
710 2 _aWydawnictwo Naukowe PWN
_4pbl
856 _uhttp://koha.tu.koszalin.pl/cgi-bin/koha/opac-detail.pl?biblionumber=33871
_yKatalog online BPK
942 _2UKD
_cKS
999 _c33871
_d33871